000 00467nam a22001817a 4500
005 20180206141812.0
008 160614b xxu||||| |||| 00| 0 eng d
020 _a978-81-265-2051-0
041 _aeng
082 _b7444
_a005.43
100 _aSilkarschatz, Abraham and Others
_91885
245 _aOperating System Concepts
250 _a8th ed.
260 _bWily India
_anew delhi
_c2010
300 _a921
650 _aInformation Technology
_9137
942 _cBK
999 _c2651
_d2650